The Defeat of Amarapura: (Record no. 31532)
[ view plain ]
| 000 -LEADER | |
|---|---|
| fixed length control field | 00865cam a2200229 a 4500 |
| 005 - DATE AND TIME OF LATEST TRANSACTION | |
| control field | 20091107113722.0 |
| 008 - FIXED-LENGTH DATA ELEMENTS--GENERAL INFORMATION | |
| fixed length control field | 000504s2000 nik 000 0 eng d |
| 010 ## - LCCN (DPL NO) | |
| LC control number | ENG-95375 |
| 020 ## - INTERNATIONAL STANDARD BOOK NUMBER | |
| International Standard Book Number | 9788131306109 |
| Terms of availability | 2995.00 |
| 035 ## - SYSTEM CONTROL NUMBER | |
| System control number | EN-78908 |
| 037 ## - SOURCE OF ACQUISITION | |
| Source of stock number/acquisition | DBAD/PUB |
| 040 ## - CATALOGING SOURCE | |
| Original cataloging agency | DPL |
| 100 ## - MAIN ENTRY--PERSONAL NAME | |
| Personal name | Blackburn, Terence R. |
| 245 ## - TITLE STATEMENT | |
| Title | The Defeat of Amarapura: |
| Statement of responsibility, etc | Compiled and edited by Terence R. Blackburn |
| Remainder of title | The Second Anglo-Burmese War of 1852 |
| 260 ## - PUBLICATION, DISTRIBUTION, ETC. (IMPRINT) | |
| Place of publication, distribution, etc | New Delhi |
| Name of publisher, distributor, etc | A.P.H. Publishing Corporation |
| Date of publication, distribution, etc | 2009 |
| 270 ## - ADDRESS | |
| Address | 4435-36/7, Ansari Road , |
| City | New Delhi |
| Postal code | 110002 |
| 300 ## - PHYSICAL DESCRIPTION | |
| Extent | xii, 411p. |
| Dimensions | 24 cm.(Hb) |
| 942 ## - ADDED ENTRY ELEMENTS (KOHA) | |
| Source of classification or shelving scheme | Dewey Decimal Classification |
| Item type | English Books |
| Call number suffix | BLA |
| Withdrawn status | Lost status | Source of classification or shelving scheme | Damaged status | Not for loan | Collection code | Home library | Current library | Date acquired | Source of acquisition | Cost, normal purchase price | Total Checkouts | Full call number | Barcode | Date last seen | Copy number | Cost, replacement price | Koha item type |
|---|---|---|---|---|---|---|---|---|---|---|---|---|---|---|---|---|---|
| Dewey Decimal Classification | Not For Loan | Non-fiction | D.B.Act.Division | D.B.Act.Division | 07/11/2009 | DBAD / PUB | 2995.00 | BLA | EN-78908 | 07/11/2009 | 1 | 2995.00 | English Books |
